Quest for lost heroes /

Bibliographic Details
Main Author: Gemmell, David
Format: Book
Language:English
Published: London : Century, 1990.
Subjects:

MARC

Tag First Indicator Second Indicator Subfields
LEADER 00000cam a2200000 a 4500
001 in00000993021
005 20150927152548.0
008 900418s1990 enk 00011 eng d
010 |a gb 90002323  
015 |a GB90-2323 
020 |a 0712625127 (cased) :  |c £11.95 : CIP confirmed 
020 |a 0712625275 (pbk) :  |c £5.95 
035 |a (OCoLC)20632915 
035 |9 AEX7779AM 
040 |a UKM  |c UKM  |d IXA  |d TXA  |d UtOrBLW 
049 |a TXAS [scif] 
082 0 4 |a 823/.914  |2 19 
090 |a PR6057.E454  |b Q4 1990 
100 1 |a Gemmell, David. 
245 1 0 |a Quest for lost heroes /  |c David Gemmell. 
264 1 |a London :  |b Century,  |c 1990. 
300 |a 316 pages ;  |c 23 cm. 
336 |a text  |b txt  |2 rdacontent 
337 |a unmediated  |b n  |2 rdamedia 
338 |a volume  |b nc  |2 rdacarrier 
500 |a "A Legend book." 
500 |a A novel. 
653 |a Fiction in English, 1945- - Texts 
999 |a MARS 
999 f f |s 894100c8-f60e-3369-b317-05d1de4af4ee  |i a02b151c-58f9-320a-8234-b469e9d0f8a8  |t 0 
952 f f |p noncirc  |a Texas A&M University  |b College Station  |c Cushing Memorial Library & Archives  |d Cushing: Science Fiction (Does not check out)  |t 0  |e PR6057.E454 Q4 1990  |h Library of Congress classification  |i unmediated -- volume 
998 f f |a PR6057.E454 Q4 1990  |t 0  |l Cushing: Science Fiction (Does not check out)